000 00470nam a2200181Ia 4500
008 240925s9999 xx 000 0 und d
020 _a9781408855782
082 _a791.4372 MAL
100 _aMallaby, Sebastian
245 4 _aThe Man Who Knew
250 _aNA
260 _aLondon:
_bBlooms Bury
_c,2016.
300 _axix, 434p.
_b0
_fOriginal
500 _aIncludes Index
600 _aHumanities & Natural Science
650 _aArts and Recreation
942 _cBK
999 _c17265
_d17265